[Event "20th Voronezh Master Open"]
[Site "Voronezh RUS"]
[Date "2016.06.13"]
[Round "2.9"]
[White "Chigaev, Maksim"]
[Black "Bykov, Oleg"]
[Result "1-0"]
[WhiteTitle "IM"]
[WhiteElo "2542"]
[BlackElo "2378"]
[WhiteFideId "4108116"]
[BlackFideId "24198978"]
[EventDate "2016.06.12"]

1. e4 e6 2. d4 d5 3. Nc3 Nf6 4. e5 Nfd7 5. f4 c5 6. Nf3 Nc6 7. Be3 cxd4 8. Nxd4
Qb6 9. Qd2 Qxb2 10. Rb1 Qa3 11. Bb5 Nxd4 12. Bxd4 a6 13. Bxd7+ Bxd7 14. Rb3 Qe7
15. Rxb7 Rc8 16. O-O Qa3 17. f5 Bc5 18. fxe6 Bxe6 19. Ne2 O-O 20. Rb3 Bxd4+ 21.
Nxd4 Qxa2 22. Rg3 Qb2 23. Rb3 Qa2 24. h4 Rb8 25. Rg3 Rb1 26. Rxb1 Qxb1+ 27. Kh2
Qb8 28. Qg5 g6 29. Nc6 f6 30. exf6 Qd6 31. h5 Bf5 32. Ne7+ Kf7 33. Nxf5 gxf5 34.
Qxf5 Ke8 35. Qc8+ Kf7 36. Qb7+ Kxf6 37. Qxh7 Qf4 38. Kh3 Ke5 39. Qe7+ Kd4 40.
Rg4 1-0

[Event "20th Voronezh Master Open"]
[Site "Voronezh RUS"]
[Date "2016.06.13"]
[Round "2.10"]
[White "Provotorov, Ivan"]
[Black "Zakhartsov, Viacheslav V."]
[Result "0-1"]
[WhiteTitle "FM"]
[BlackTitle "GM"]
[WhiteElo "2372"]
[BlackElo "2531"]
[WhiteFideId "4154657"]
[BlackFideId "4115333"]
[EventDate "2016.06.12"]

1. c4 Nf6 2. Nc3 c5 3. Nf3 e6 4. e3 Nc6 5. d4 d5 6. cxd5 Nxd5 7. Bd3 cxd4 8.
exd4 Bb4 9. Bd2 O-O 10. O-O Nf6 11. Bg5 Be7 12. a3 b6 13. Re1 Bb7 14. Bc2 Rc8
15. Qd3 g6 16. Rad1 Qc7 17. Bh4 Rfd8 18. Bg3 Qd7 19. Ba4 Nd5 20. Ne5 Qe8 21. Qe2
Qf8 22. Nxd5 Rxd5 23. Nxc6 Bxc6 24. Bb3 Bb5 25. Qg4 Bc4 26. Bc2 Rd7 27. h4 h5
28. Qf3 Qd8 29. Be4 Bxh4 30. Be5 Bd5 31. g3 Bg5 32. Kg2 Rc2 33. Re2 Rxe2 34.
Qxe2 Bf6 35. Rc1 Bxe5 36. dxe5 Qa8 37. Bxd5 Qxd5+ 38. Kh2 Kg7 39. Rc2 Qd4 40.
Rc4 Qd3 41. Qxd3 Rxd3 42. Rb4 g5 43. Kg2 Kg6 0-1

[Event "20th Voronezh Master Open"]
[Site "Voronezh RUS"]
[Date "2016.06.13"]
[Round "2.11"]
[White "Rodin, Dmitrij"]
[Black "Zontakh, Andrey"]
[Result "1/2-1/2"]
[WhiteTitle "FM"]
[BlackTitle "GM"]
[WhiteElo "2371"]
[BlackElo "2526"]
[WhiteFideId "4127412"]
[BlackFideId "14101130"]
[EventDate "2016.06.12"]

1. e4 c5 2. Nf3 e6 3. d4 cxd4 4. Nxd4 a6 5. Bd3 Nf6 6. O-O Qc7 7. Qe2 d6 8. c4
g6 9. b3 Bg7 10. Bb2 O-O 11. Nd2 b6 12. Rae1 Nbd7 13. Bb1 Bb7 14. f4 e5 15. fxe5
dxe5 16. Nc2 Nc5 17. Nb4 Ncxe4 18. Nxe4 Nxe4 19. Bxe4 Bxe4 20. Qxe4 Qc5+ 21. Kh1
Qxb4 22. Bxe5 Rae8 23. Qd5 Rxe5 24. Rxe5 Bxe5 25. Qxe5 Qa3 26. Qe2 a5 27. h3 a4
28. Qc2 axb3 29. axb3 Qb4 30. Qd3 h5 31. Qf3 Qc5 32. Qd3 Re8 33. Qf3 Re7 34. Qf6
Qe3 35. Rf3 Qe1+ 36. Rf1 Qe6 37. Kg1 Qe3+ 38. Kh1 Qe6 39. Kg1 Qe3+ 40. Kh1 Qe6
41. Kg1 1/2-1/2

[Event "20th Voronezh Master Open"]
[Site "Voronezh RUS"]
[Date "2016.06.13"]
[Round "2.12"]
[White "Gordievsky, Dmitry"]
[Black "Praggnanandhaa, R"]
[Result "1-0"]
[WhiteTitle "IM"]
[BlackTitle "FM"]
[WhiteElo "2523"]
[BlackElo "2368"]
[WhiteFideId "24112798"]
[BlackFideId "25059530"]
[EventDate "2016.06.12"]

1. c4 e5 2. g3 Nf6 3. Bg2 d5 4. cxd5 Nxd5 5. Nc3 Nb6 6. Nf3 Nc6 7. O-O Be7 8.
Rb1 g5 9. b3 g4 10. Ne1 Be6 11. b4 Nd5 12. Nxd5 Bxd5 13. b5 Nd4 14. Bb2 Bxa2 15.
Bxd4 Qxd4 16. Bxb7 Rd8 17. Ra1 Qxd2 18. Nd3 Qxd1 19. Rfxd1 Bc4 20. Bc6+ Kf8 21.
Nxe5 Rxd1+ 22. Rxd1 Bxe2 23. Nd7+ Ke8 24. Ne5+ Kf8 25. Rd2 Bf3 26. Bxf3 gxf3 27.
Rd7 Rg8 28. Rxc7 Rg5 29. Nxf3 Rxb5 30. Rxa7 Rb1+ 31. Kg2 Rb2 32. Ra5 Kg7 33. g4
Rb4 34. h3 Rb2 35. Rf5 h6 36. Ne5 Bf6 37. Nc4 Ra2 38. Nd6 Kg6 39. Ne4 Bh4 40.
Nd6 Bf6 41. Rf3 Rb2 42. Ne4 Bh4 43. Rd3 Ra2 44. Rb3 Rc2 45. Rb6+ Kg7 46. Rb5 Kg6
47. Rh5 Bg5 48. h4 Bd8 49. Nd6 Be7 50. Nf5 Bf8 51. Ne3 Rc5 52. Nd5 Rc4 53. Kf3
Rc5 54. Rf5 Kg7 55. h5 Ra5 56. Kg2 Ba3 57. Ne3 Ra4 58. Rf3 Bc5 59. Nf5+ Kh7 60.
Kg3 Ra2 61. Ne7 Kg7 62. Nf5+ Kh7 63. Rf4 Rb2 64. Kg2 Ra2 65. Ne7 Kg7 66. Nc6 Be3
67. Rf5 Bg5 68. Kg3 Ra3+ 69. f3 Bf6 70. Nb4 Bg5 71. Nd5 Rd3 72. Kf2 Rd2+ 73. Ke1
Rd3 74. Nc7 Rd4 75. Rd5 Rc4 76. Ne8+ Kf8 77. Nd6 Rc1+ 78. Ke2 Ke7 79. Nf5+ Ke6
80. Rb5 Rc2+ 81. Kd3 Rd2+ 82. Kc3 Rf2 83. Nd4+ Kf6 84. Kd3 Rf1 85. Rb6+ Ke5 86.
Rb5+ Kf6 87. Ke2 Rg1 88. Nf5 Rg2+ 89. Kf1 Ra2 90. Rb6+ Ke5 91. Nxh6 Ra1+ 92. Kg2
Ra2+ 93. Kh3 Ra7 94. Rb5+ Kf6 95. Ng8+ Kg7 96. Rxg5+ 1-0

[Event "20th Voronezh Master Open"]
[Site "Voronezh RUS"]
[Date "2016.06.13"]
[Round "2.13"]
[White "Vokhidov, Shamsiddin"]
[Black "Tukhaev, Adam"]
[Result "0-1"]
[WhiteTitle "IM"]
[BlackTitle "GM"]
[WhiteElo "2370"]
[BlackElo "2518"]
[WhiteFideId "14204223"]
[BlackFideId "14109476"]
[EventDate "2016.06.12"]

1. e4 c5 2. Nf3 e6 3. d4 cxd4 4. Nxd4 Nc6 5. Nc3 d6 6. Be3 Nf6 7. f4 Be7 8. Qf3
e5 9. Nxc6 bxc6 10. Bc4 Ng4 11. Bd2 exf4 12. Bxf4 O-O 13. O-O Bf6 14. Kh1 Be5
15. Rad1 Qe7 16. Rd2 Bxf4 17. Qxf4 Ne5 18. Bb3 Bg4 19. Qf2 Rad8 20. Qd4 Rd7 21.
Kg1 Qg5 22. Kh1 Re8 23. Rdf2 Be6 24. Rf4 h6 25. Qf2 Ng4 26. Qg3 Nf6 27. Qd3 Bxb3
28. axb3 Re6 29. Qc4 d5 30. exd5 cxd5 31. Qd4 Rde7 32. Qf2 Ng4 33. Qf3 Re1 34.
Qg3 R7e3 35. Rxe1 Qxf4 36. Ne2 Rxe2 0-1

[Event "20th Voronezh Master Open"]
[Site "Voronezh RUS"]
[Date "2016.06.13"]
[Round "2.14"]
[White "Sanzhaev, Darsen"]
[Black "Paravyan, David"]
[Result "0-1"]
[WhiteTitle "FM"]
[BlackTitle "IM"]
[WhiteElo "2362"]
[BlackElo "2514"]
[WhiteFideId "24120030"]
[BlackFideId "4194985"]
[EventDate "2016.06.12"]

1. d4 d5 2. c4 e6 3. Nf3 Nf6 4. g3 dxc4 5. Bg2 Nc6 6. Qa4 Bb4+ 7. Bd2 Nd5 8.
Bxb4 Nxb4 9. O-O Rb8 10. Na3 O-O 11. Qb5 b6 12. Qxc4 Ba6 13. Nb5 Qd5 14. Qxd5
Nxd5 15. a4 Na5 16. Ne5 Rbd8 17. Rfe1 f6 18. Bxd5 exd5 19. Nf3 c5 20. Nxa7 Ra8
21. Nb5 Bxb5 22. axb5 Nb3 23. Rxa8 Rxa8 24. dxc5 bxc5 25. Rd1 d4 26. e3 Rb8 27.
exd4 cxd4 28. Kf1 Rxb5 29. Ke2 Rb4 30. h4 Kf7 31. Nd2 Nxd2 32. Rxd2 Ke6 33. Kd3
Kd5 34. Kc2 Kc4 35. Kd1 d3 36. Ke1 Kd4 37. Kf1 h5 38. Ke1 g5 39. Kf1 Rb8 40. Ke1
gxh4 41. gxh4 f5 42. f4 Rc8 43. Kd1 Rg8 44. Rh2 Rg1+ 45. Kd2 Rb1 0-1

[Event "20th Voronezh Master Open"]
[Site "Voronezh RUS"]
[Date "2016.06.14"]
[Round "3.1"]
[White "Levin, Evgeny A."]
[Black "Bocharov, Dmitry"]
[Result "1/2-1/2"]
[WhiteTitle "GM"]
[BlackTitle "GM"]
[WhiteElo "2493"]
[BlackElo "2602"]
[WhiteFideId "4182596"]
[BlackFideId "4138716"]
[EventDate "2016.06.12"]

1. Nf3 c5 2. c4 Nc6 3. Nc3 Nf6 4. e3 d5 5. d4 e6 6. cxd5 Nxd5 7. Bd3 Be7 8. O-O
O-O 9. Re1 b6 10. a3 Bb7 11. Nxd5 exd5 12. dxc5 bxc5 13. e4 Bf6 14. exd5 Nd4 15.
Be3 Bxd5 16. Nxd4 cxd4 17. Bf4 g6 18. Rc1 Qb6 19. Qd2 Rac8 20. Qb4 Qxb4 21. axb4
Rfe8 22. Bd6 Rxe1+ 23. Rxe1 Kg7 24. Ra1 Bc4 25. Rc1 Rd8 26. Rxc4 Rxd6 27. Rc7
Re6 28. Kf1 Re7 29. Rxe7 Bxe7 30. b5 Bc5 31. Ke2 Kf6 32. Bc4 Ke7 33. Kd3 f5 34.
Bd5 Kf6 35. f4 Bb6 36. Ke2 h6 37. Bc4 Bc7 38. Kf3 g5 39. fxg5+ hxg5 40. h3 Ke5
41. Bd3 1/2-1/2

[Event "20th Voronezh Master Open"]
[Site "Voronezh RUS"]
[Date "2016.06.14"]
[Round "3.2"]
[White "Ponkratov, Pavel"]
[Black "Matinian, Nikita"]
[Result "0-1"]
[WhiteTitle "GM"]
[BlackTitle "IM"]
[WhiteElo "2573"]
[BlackElo "2465"]
[WhiteFideId "4157800"]
[BlackFideId "24129100"]
[EventDate "2016.06.12"]

1. e4 e5 2. Bc4 Nc6 3. Nc3 Nf6 4. d3 Bc5 5. Bg5 Be7 6. Nge2 d6 7. Be3 O-O 8. a4
Kh8 9. f4 Ng4 10. Bd2 f5 11. h3 Nf6 12. O-O fxe4 13. dxe4 exf4 14. Nxf4 Ne5 15.
Bb3 c6 16. Qe2 Qe8 17. a5 Bd8 18. Be3 Bd7 19. Bd4 Bc7 20. g4 b5 21. axb6 axb6
22. Rxa8 Qxa8 23. g5 Ng8 24. Ne6 Bxe6 25. Bxe6 Ne7 26. Rxf8+ Qxf8 27. Qf2 Nf3+
28. Kh1 Ng6 29. Be3 Nxg5 30. Bf5 Nf7 31. Bxb6 Bxb6 32. Qxb6 Nge5 33. Qe3 g6 34.
Be6 Nd8 35. Bc8 Qf1+ 36. Qg1 Qf4 37. Bg4 Kg7 38. Qd4 h5 39. Be2 Nf7 40. Nd1 Ng5
41. Kg2 Nf3 42. Bxf3 Qxf3+ 43. Kh2 Qe2+ 44. Kg3 c5 45. Qxd6 h4+ 46. Kf4 Qh2+ 0-1

[Event "20th Voronezh Master Open"]
[Site "Voronezh RUS"]
[Date "2016.06.14"]
[Round "3.3"]
[White "Fedorov, Alexei"]
[Black "Chekhov, Sergei"]
[Result "1-0"]
[WhiteTitle "GM"]
[BlackTitle "IM"]
[WhiteElo "2565"]
[BlackElo "2458"]
[WhiteFideId "13500465"]
[BlackFideId "4195639"]
[EventDate "2016.06.12"]

1. e4 c5 2. Nf3 e6 3. d4 cxd4 4. Nxd4 a6 5. c4 Nf6 6. Nc3 Bb4 7. Qf3 Qc7 8. Bd2
Nc6 9. Nc2 Be7 10. O-O-O d6 11. g4 Nd7 12. g5 O-O 13. Qh5 b5 14. Rg1 bxc4 15.
Rg3 Rd8 16. Bxc4 g6 17. Qh4 Rb8 18. Ne3 Nde5 19. Ncd5 exd5 20. Nxd5 Qd7 21. Bb3
Nd4 22. f4 Nef3 23. Rxf3 Nxf3 24. Qh6 Rxb3 25. Nf6+ Bxf6 26. gxf6 Qc6+ 27. Kb1
Rxb2+ 28. Kxb2 Qb6+ 29. Ka3 Qc5+ 30. Bb4 Qe3+ 31. Kb2 Qe2+ 32. Rd2 Nxd2 33. Qg7# 1-0

[Event "20th Voronezh Master Open"]
[Site "Voronezh RUS"]
[Date "2016.06.14"]
[Round "3.4"]
[White "Rychagov, Andrey"]
[Black "Pavlov, Sergey2"]
[Result "1/2-1/2"]
[WhiteTitle "GM"]
[BlackTitle "IM"]
[WhiteElo "2556"]
[BlackElo "2456"]
[WhiteFideId "4119932"]
[BlackFideId "14114330"]
[EventDate "2016.06.12"]

1. d4 Nf6 2. c4 e6 3. Nf3 d5 4. Nc3 dxc4 5. e4 Bb4 6. Bg5 c5 7. dxc5 Qxd1+ 8.
Rxd1 Nbd7 9. Bd2 Nxc5 10. Bxc4 Bxc3 11. Bxc3 Ncxe4 12. Bb4 Bd7 13. Ne5 a5 14.
Ba3 b5 15. Nxd7 b4 16. Bb5 Ke7 17. Bxb4+ axb4 18. Ne5 Nd5 19. Nc6+ Kf6 20. Bc4
Nb6 21. Bd3 Nc5 22. Nxb4 Nba4 23. Bc2 Nxb2 24. Rd4 g6 25. Kd2 Rhd8 26. Rxd8
Rxd8+ 27. Kc3 Nba4+ 28. Bxa4 Nxa4+ 29. Kb3 Nc5+ 30. Kc2 Rc8 31. Kb2 Ke5 32. Rd1
Rb8 33. a3 Rb7 34. Rd8 f5 35. Rd2 Ne4 36. Rc2 Kd4 37. Kc1 Nc5 38. Nc6+ Kd5 39.
Nb4+ Kd4 40. Nc6+ Kd5 41. Nb4+ Ke5 1/2-1/2

[Event "20th Voronezh Master Open"]
[Site "Voronezh RUS"]
[Date "2016.06.14"]
[Round "3.5"]
[White "Burmakin, Vladimir"]
[Black "Ulko, Jaroslav"]
[Result "1/2-1/2"]
[WhiteTitle "GM"]
[BlackTitle "IM"]
[WhiteElo "2543"]
[BlackElo "2446"]
[WhiteFideId "4105109"]
[BlackFideId "4116658"]
[EventDate "2016.06.12"]

1. Nf3 c5 2. g3 g6 3. Bg2 Bg7 4. O-O Nc6 5. c4 e6 6. Nc3 Nge7 7. b3 d5 8. Bb2
O-O 9. cxd5 exd5 10. Na4 Bxb2 11. Nxb2 Bg4 12. h3 Bxf3 13. Bxf3 Qd6 14. Bg2 Qf6
15. Rb1 Rad8 16. a3 b6 17. Na4 d4 18. Nb2 Nd5 19. Qc2 Rfe8 20. Rfe1 Ne5 21. Nd3
Qf5 22. Rbc1 Nxd3 23. Qxd3 Qxd3 24. exd3 Kf8 25. Rxe8+ Kxe8 26. Re1+ Kf8 27. Rc1
Rd7 28. Kf1 Ke7 29. Re1+ Kf8 30. h4 h5 31. Rc1 a5 32. Re1 Rd6 33. Bf3 Rd7 34.
Bg2 Nf6 35. Bc6 Re7 36. Bb5 Rxe1+ 37. Kxe1 Nd5 38. Bc4 Nc7 39. a4 Ke7 40. Ke2
Ne8 41. Kf3 f5 42. Ke2 Nd6 1/2-1/2

[Event "20th Voronezh Master Open"]
[Site "Voronezh RUS"]
[Date "2016.06.14"]
[Round "3.6"]
[White "Shevchenko, Kirill"]
[Black "Chigaev, Maksim"]
[Result "1/2-1/2"]
[WhiteTitle "FM"]
[BlackTitle "IM"]
[WhiteElo "2438"]
[BlackElo "2542"]
[WhiteFideId "14129574"]
[BlackFideId "4108116"]
[EventDate "2016.06.12"]

1. e4 e6 2. d4 d5 3. Nd2 a6 4. Bd3 c5 5. dxc5 Bxc5 6. Ngf3 Nc6 7. O-O Nge7 8.
Nb3 Ba7 9. exd5 exd5 10. Re1 O-O 11. Be3 Bxe3 12. Rxe3 Qd6 13. c3 h6 14. h3 Bd7
15. Qd2 Rad8 16. Rae1 Nf5 17. R3e2 Qf6 18. Bxf5 Bxf5 19. Qf4 g5 20. Qg3 Be4 21.
Nfd4 Bg6 22. Qc7 Rb8 23. Re3 Rfc8 24. Qg3 Qf4 25. Rf3 Qxg3 26. Rxg3 Nxd4 27.
Nxd4 b5 28. a3 a5 29. Re5 b4 30. axb4 axb4 31. Rxd5 bxc3 32. Rxc3 Re8 33. b3
Re1+ 34. Kh2 Rd1 35. Nc6 Rxd5 36. Ne7+ Kg7 37. Nxd5 Bf5 38. Ne3 Be6 39. Nc4 f5
40. h4 f4 41. hxg5 hxg5 42. Nd2 g4 43. Rd3 Kf6 1/2-1/2

[Event "20th Voronezh Master Open"]
[Site "Voronezh RUS"]
[Date "2016.06.14"]
[Round "3.7"]
[White "Zakhartsov, Viacheslav V."]
[Black "Korchmar, Vasiliy"]
[Result "1-0"]
[WhiteTitle "GM"]
[BlackTitle "IM"]
[WhiteElo "2531"]
[BlackElo "2434"]
[WhiteFideId "4115333"]
[BlackFideId "24131750"]
[EventDate "2016.06.12"]

1. d4 d5 2. c4 c6 3. Nc3 Nf6 4. e3 e6 5. Nf3 a6 6. Qc2 c5 7. cxd5 exd5 8. Be2
Be6 9. O-O Nc6 10. Rd1 cxd4 11. Nxd4 Nxd4 12. exd4 Be7 13. Qb3 b5 14. Bg5 O-O
15. Bf3 Rb8 16. Bf4 Rc8 17. Be5 Rc4 18. a4 b4 19. Ne2 Nd7 20. Bg3 g5 21. Nc1 f5
22. Be5 Nxe5 23. dxe5 g4 24. Be2 Rc6 25. a5 Qc7 26. Nd3 f4 27. Bf1 g3 28. Rd2
Kh8 29. Qd1 gxh2+ 30. Kh1 f3 31. g3 Bg4 32. Nf4 Qxe5 33. Nxd5 Bg5 34. Nxb4 Bxd2
35. Nxc6 Qxb2 36. Rb1 Qc3 37. Rb3 Qc1 38. Qxc1 Bxc1 39. Kxh2 Rf6 40. Ne5 Be6 41.
Rb6 Rh6+ 42. Kg1 Bd5 43. Bxa6 Rh5 44. Nd7 Bd2 45. Nf6 Re5 46. Bb7 Bxa5 47. Rb5
Bd8 48. Nxd5 Re1+ 49. Kh2 Re2 50. Kh3 Rxf2 51. Nf4 Rf1 52. Bxf3 1-0

[Event "20th Voronezh Master Open"]
[Site "Voronezh RUS"]
[Date "2016.06.14"]
[Round "3.8"]
[White "Vignesh, N R"]
[Black "Gordievsky, Dmitry"]
[Result "0-1"]
[WhiteTitle "IM"]
[BlackTitle "IM"]
[WhiteElo "2432"]
[BlackElo "2523"]
[WhiteFideId "25012215"]
[BlackFideId "24112798"]
[EventDate "2016.06.12"]

1. d4 Nf6 2. c4 b6 3. Nc3 Bb7 4. f3 Nc6 5. e4 e5 6. Nge2 Bb4 7. d5 Ne7 8. a3
Bxc3+ 9. Nxc3 d6 10. Be3 Ng6 11. Qd2 a5 12. Bd3 Bc8 13. O-O O-O 14. b4 Nh5 15.
Ne2 axb4 16. axb4 Rxa1 17. Rxa1 Nhf4 18. Bxf4 exf4 19. Ra7 Ne5 20. Nd4 Bd7 21.
Bf1 g5 22. Qc3 h5 23. c5 bxc5 24. bxc5 g4 25. fxg4 hxg4 26. c6 Bc8 27. Qd2 Ng6
28. g3 Qe7 29. Ne2 Ne5 30. Qxf4 f5 31. Bg2 fxe4 32. Qxe4 Bf5 33. Qe3 Re8 34. Ra3
Nf3+ 35. Kf2 Qf7 36. Qf4 Ne5 37. Kg1 Ng6 38. Qf2 Rb8 39. Ra1 Rb2 40. Qe3 Ne5 41.
Rf1 Qg6 42. Nd4 Bd3 43. Ra1 Kh7 44. Qf4 Rb4 45. Rd1 Kg8 46. Qf2 Rb8 47. Qe3 Rb2
48. Ne6 Qh5 49. Rxd3 Nf3+ 50. Bxf3 Qxh2+ 51. Kf1 Qh3+ 52. Ke1 Qxg3+ 53. Kd1 gxf3
54. Qg5+ Qxg5 55. Nxg5 Rb1+ 56. Kc2 f2 57. Rf3 f1=Q 58. Rxf1 Rxf1 59. Ne6 Rf7
60. Kc3 Re7 61. Kc4 Kf7 62. Nd8+ Ke8 63. Ne6 Rxe6 64. dxe6 Ke7 65. Kd4 0-1

[Event "20th Voronezh Master Open"]
[Site "Voronezh RUS"]
[Date "2016.06.14"]
[Round "3.9"]
[White "Tukhaev, Adam"]
[Black "Nozdrachev, Leonid"]
[Result "0-1"]
[WhiteTitle "GM"]
[BlackTitle "FM"]
[WhiteElo "2518"]
[BlackElo "2402"]
[WhiteFideId "14109476"]
[BlackFideId "24113433"]
[EventDate "2016.06.12"]

1. e4 e5 2. Nf3 Nc6 3. Bb5 a6 4. Ba4 Nf6 5. O-O Bc5 6. c3 O-O 7. d4 Ba7 8. Bg5
h6 9. Bh4 exd4 10. Bxc6 dxc6 11. e5 dxc3 12. Qxd8 Rxd8 13. Nxc3 g5 14. Nxg5 Nd5
15. Nxf7 Re8 16. Nxh6+ Kg7 17. Bg5 Nxc3 18. bxc3 Rxe5 19. h4 Re2 20. Kh2 Bxf2
21. Rxf2 Rxf2 22. Re1 Rxa2 23. h5 Ra5 24. Re7+ Kf8 25. Rf7+ Ke8 26. Rg7 Be6 27.
g4 Rxg5 28. Rxg5 a5 29. Nf5 Kf7 30. Rg7+ Kf6 31. Rg6+ Kf7 32. Rg7+ Kf6 33. Rg6+
Ke5 34. Nd4 Bd5 35. Rg7 a4 36. Rxc7 a3 37. Nc2 b5 38. h6 Be4 39. Na1 Kf4 40. Re7
Rd8 41. g5 Rd2+ 42. Kg1 Rd1+ 43. Kh2 Rh1# 0-1

[Event "20th Voronezh Master Open"]
[Site "Voronezh RUS"]
[Date "2016.06.14"]
[Round "3.10"]
[White "Paravyan, David"]
[Black "Murtazin, Bulat"]
[Result "0-1"]
[WhiteTitle "IM"]
[BlackTitle "FM"]
[WhiteElo "2514"]
[BlackElo "2335"]
[WhiteFideId "4194985"]
[BlackFideId "24151351"]
[EventDate "2016.06.12"]

1. c4 e5 2. Nc3 Nf6 3. Nf3 Nc6 4. g3 d5 5. cxd5 Nxd5 6. Bg2 Nb6 7. O-O Be7 8. d3
O-O 9. Be3 Re8 10. Qd2 Bf8 11. Rfc1 Bf5 12. h3 Qd7 13. g4 Be6 14. Ng5 Rad8 15.
Nxe6 Qxe6 16. Nb5 Rd7 17. Bxc6 bxc6 18. Nxa7 e4 19. Nxc6 h5 20. Nd4 Qg6 21. f3
Qf6 22. g5 Qe5 23. f4 Qd5 24. Bf2 c5 25. Nc2 Qf5 26. Ne1 e3 27. Bxe3 Nd5 28. Ng2
Rde7 29. Bf2 Rxe2 30. Qd1 Nxf4 31. Nxf4 Qxf4 32. Qf1 R8e3 33. Qg2 Rxf2 34. Qxf2
Rg3+ 35. Kf1 Rf3 36. Rc2 c4 0-1

[Event "20th Voronezh Master Open"]
[Site "Voronezh RUS"]
[Date "2016.06.14"]
[Round "3.11"]
[White "Khusenkhojaev, Muhammad"]
[Black "Vavulin, Maksim"]
[Result "1-0"]
[WhiteTitle "IM"]
[BlackTitle "IM"]
[WhiteElo "2419"]
[BlackElo "2507"]
[WhiteFideId "14700247"]
[BlackFideId "4169530"]
[EventDate "2016.06.12"]

1. Nf3 Nf6 2. c4 b6 3. g3 c5 4. Bg2 Bb7 5. O-O g6 6. Nc3 Bg7 7. d4 cxd4 8. Qxd4
d6 9. Rd1 Nbd7 10. Be3 Rc8 11. Rac1 a6 12. b3 O-O 13. Qh4 Rc7 14. g4 Rc8 15. g5
Nh5 16. Bh3 b5 17. Qg4 1-0

[Event "20th Voronezh Master Open"]
[Site "Voronezh RUS"]
[Date "2016.06.14"]
[Round "3.12"]
[White "Volkov, Sergey"]
[Black "Bilguun, Sumiya"]
[Result "1-0"]
[WhiteTitle "GM"]
[BlackTitle "FM"]
[WhiteElo "2604"]
[BlackElo "2395"]
[WhiteFideId "4122763"]
[BlackFideId "4901541"]
[EventDate "2016.06.12"]

1. d4 d5 2. c4 e6 3. Nc3 c6 4. e4 dxe4 5. Nxe4 Bb4+ 6. Bd2 Qxd4 7. Bxb4 Qxe4+ 8.
Be2 Na6 9. Ba5 b6 10. Qd6 Bd7 11. Bc3 f6 12. Qg3 Qg6 13. O-O-O Qxg3 14. hxg3
O-O-O 15. g4 Ne7 16. g5 e5 17. gxf6 gxf6 18. Rd6 Rdf8 19. f4 Ng6 20. fxe5 fxe5
21. Nf3 Re8 22. Ng5 Nf4 23. Bf1 Kc7 24. Rf6 Nc5 25. Nf7 Rhf8 26. Rxh7 Ne4 27.
Bxe5+ Rxe5 28. Rxf4 Re7 29. Bd3 Nc5 30. Bc2 Rg8 31. Rf2 Re1+ 32. Kd2 Rg1 33. Rh2
Rf8 34. Rh8 Rxh8 35. Nxh8 Be8 36. Nf7 Bxf7 37. Rxf7+ Kd6 38. Rf2 Nd7 39. Kc3 Ne5
40. Rd2+ Ke6 41. Re2 Kd6 42. b4 c5 43. bxc5+ bxc5 44. Rd2+ Ke6 45. Be4 Re1 46.
Bd5+ Ke7 47. Kb3 Rb1+ 48. Rb2 Rc1 49. a3 Kd6 50. Rf2 Ng4 51. Rf3 Ke5 52. Rd3 Nf2
53. Rd2 Nd1 54. Bg8 Ne3 55. Rd3 Kf4 56. Rd7 a5 57. Rc7 Ke5 58. Rxc5+ Kd4 59.
Rxa5 Rc3+ 60. Ka4 Nxc4 61. Rd5+ Ke3 62. Kb4 Rc2 63. Bh7 Rc1 64. Rc5 Rh1 65. Kxc4
Rxh7 66. a4 Rg7 67. Re5+ Kd2 68. a5 Rxg2 69. a6 Rg7 70. Ra5 Ra7 71. Ra2+ Ke3 72.
Kc5 Ra8 1-0

[Event "20th Voronezh Master Open"]
[Site "Voronezh RUS"]
[Date "2016.06.14"]
[Round "3.13"]
[White "Zakhartsov, Vladimir"]
[Black "Kharitonov, Alexandr"]
[Result "0-1"]
[WhiteTitle "IM"]
[BlackTitle "GM"]
[WhiteElo "2443"]
[BlackElo "2571"]
[WhiteFideId "4145097"]
[BlackFideId "4135202"]
[EventDate "2016.06.12"]

1. c4 e5 2. g3 Nc6 3. Bg2 Bc5 4. Nc3 d6 5. e3 a6 6. Nge2 Ba7 7. O-O h5 8. f4 h4
9. f5 Nh6 10. Qc2 hxg3 11. Nxg3 Qh4 12. Nd5 Ng4 13. h3 Qxg3 14. hxg4 Kd8 15. Qe4
Rh4 16. Rf3 Qxg4 17. Qxg4 Rxg4 18. Rh3 Bxf5 19. Rh8+ Kd7 20. Rxa8 Be4 21. Rf8
Nd8 22. d3 Rxg2+ 23. Kf1 Bf3 24. Rh8 f5 25. Rh3 e4 26. Nf4 Rc2 27. Rg3 Ne6 28.
dxe4 fxe4 29. Nxe6 Kxe6 30. Rxg7 Rxc4 31. Bd2 Rc2 32. Ke1 Bb6 33. b4 d5 34. Rc1
Rxa2 35. Rc3 a5 36. bxa5 Bxa5 37. Rgxc7 Bxc7 38. Rxc7 d4 39. exd4 e3 40. Bc3 Rh2 0-1

[Event "20th Voronezh Master Open"]
[Site "Voronezh RUS"]
[Date "2016.06.14"]
[Round "3.14"]
[White "Ponomarev, Dmitry"]
[Black "Rozum, Ivan"]
[Result "0-1"]
[WhiteTitle "IM"]
[BlackTitle "GM"]
[WhiteElo "2423"]
[BlackElo "2560"]
[WhiteFideId "24112046"]
[BlackFideId "24104272"]
[EventDate "2016.06.12"]

1. d4 Nf6 2. c4 e6 3. g3 d5 4. Nf3 Bb4+ 5. Bd2 Bd6 6. Nc3 c6 7. Qc2 Nbd7 8. e4
dxe4 9. Nxe4 Nxe4 10. Qxe4 Qe7 11. O-O-O Nf6 12. Qh4 b6 13. Bg2 Bb7 14. Ne5 Qc7
15. Rhe1 h6 16. f4 O-O-O 17. Qh3 Kb8 18. f5 Rhe8 19. fxe6 Rxe6 20. Qf5 Rde8 21.
Bc3 a5 22. c5 bxc5 23. Nc4 cxd4 24. Bxa5 Qe7 25. Qf3 Bc7 26. Rxe6 fxe6 27. Rxd4
Bxa5 28. Nxa5 Qc5+ 29. Qc3 Qxc3+ 30. bxc3 c5 31. Rd2 Bxg2 32. Rxg2 Kc7 33. Rb2
Nd7 34. Rb7+ Kd6 35. Nc4+ Kd5 36. Na5 Kd6 37. Nc4+ Kd5 38. Na5 Ne5 39. Nb3 Ra8
40. Kb1 Rf8 41. Rxg7 Rf1+ 42. Kc2 Rf2+ 43. Kd1 Rxa2 44. Nd2 Nc4 45. Nxc4 Kxc4
46. h4 Kxc3 47. Re7 Kd3 48. Kc1 Re2 49. Kd1 Rg2 50. Rd7+ Ke4 51. Rc7 c4 52. g4
Rxg4 53. Rxc4+ Kf5 54. Rc5+ e5 55. h5 Rh4 56. Ke2 Kf4 57. Rc4+ e4 58. Rc5 Rh2+
59. Kf1 Kf3 60. Kg1 Rh4 61. Ra5 e3 62. Rf5+ Ke2 63. Ra5 Rg4+ 64. Kh2 Kf3 65. Kh3
Rg5 0-1

[Event "20th Voronezh Master Open"]
[Site "Voronezh RUS"]
[Date "2016.06.15"]
[Round "4.1"]
[White "Matinian, Nikita"]
[Black "Fedorov, Alexei"]
[Result "0-1"]
[WhiteTitle "IM"]
[BlackTitle "GM"]
[WhiteElo "2465"]
[BlackElo "2565"]
[WhiteFideId "24129100"]
[BlackFideId "13500465"]
[EventDate "2016.06.12"]

1. e4 c5 2. Nf3 e6 3. d4 cxd4 4. Nxd4 a6 5. Nc3 b5 6. Bd3 Bb7 7. O-O Nc6 8. Nxc6
Bxc6 9. Qe2 Bc5 10. a4 b4 11. Nd5 Ne7 12. Be3 Bxe3 13. Nxe3 a5 14. f4 d5 15. e5
g6 16. Ng4 h5 17. Nf2 Qb6 18. c3 Kf8 19. Kh1 Kg7 20. Nh3 h4 21. Qg4 d4 22. Qg5
Nd5 23. Bxg6 fxg6 24. f5 exf5 25. Nf4 Nxf4 26. Qf6+ Kg8 27. Rxf4 Bxg2+ 28. Kxg2
Qxf6 29. exf6 dxc3 30. bxc3 bxc3 31. Rc4 Kf7 32. Rc1 Rac8 33. R1xc3 Rxc4 34.
Rxc4 Kxf6 35. Rc5 Ra8 36. Kh3 Kg5 37. Rd5 Rc8 38. Rxa5 Rc3+ 39. Kg2 Ra3 40. Ra6
Ra2+ 41. Kg1 h3 42. a5 f4 43. Ra8 Kg4 44. a6 Kf3 0-1